Country Flags Most Similar to Yemen - Statistics

General Stats
  • This quiz has been taken 870 times
  • The average score is 7 of 8
Answer Stats
Picture Answer % Correct
Egypt
100%
Iraq
97%
Jordan
90%
United Arab Emirates
90%
Hungary
89%
Kuwait
88%
Syria
86%
Sudan
82%
No matching quizzes found
Score Distribution
Percent of People with Each Score
Percentile by Number Answered
Your Score History
You have not taken this quiz